[Event "Longtou Cup 1st"]
[Site "Qinhuangdao"]
[Date "2018.05.26"]
[Round "1"]
[White "Zhu, Ying"]
[Black "Liu, Yan"]
[Result "0-1"]
[WhiteElo "2016"]
[BlackElo "2474"]
[PlyCount "66"]
[EventDate "2018.05.26"]
[EventType "swiss"]
[EventRounds "9"]
[EventCountry "CHN"]
[SourceTitle "CBM 184 Extra"]
[Source "ChessBase"]
[SourceDate "2018.06.28"]
[SourceVersion "1"]
[SourceVersionDate "2018.06.28"]
[SourceQuality "1"]

1. e4 c5 2. Nf3 d6 3. d4 cxd4 4. Nxd4 Nf6 5. Nc3 a6 6. Be2 e5 7. Nb3 Be7 8. Be3 Nbd7 9. a4 b6 10. Qd3 Bb7 11. Nd5 Nxd5 12. exd5 0-0 13. c4 a5 14. g4 Bh4 15. 0-0-0 Ba6 16. Kb1 Rc8 17. Rc1 Rb8 18. Rhg1 Nc5 19. Nxc5 bxc5 20. g5 f5 21. gxf6 Qxf6 22. b3 Bc8 23. Ka2 Bf5 24. Qd2 Rb4 25. Bd1 Bg6 26. f3 Rfb8 27. Qe2 e4 28. fxe4 Qe5 29. Rb1 Bf6 30. Bc1 Qxe4 31. Rxg6 Rxa4+ 32. Ba3 Rxa3+ 33. Kxa3 Qxb1 0-1

[Event "CHN-ch (Women)"]
[Site "Xinghua"]
[Date "2017.05.04"]
[Round "11"]
[White "Wang, Jue"]
[Black "Zhu, Ying"]
[Result "1-0"]
[WhiteElo "2335"]
[BlackElo "2107"]
[PlyCount "99"]
[EventDate "2017.04.23"]
[EventType "tourn"]
[EventRounds "11"]
[EventCountry "CHN"]
[EventCategory "2"]
[SourceTitle "CBM 178 Extra"]
[Source "ChessBase"]
[SourceDate "2017.06.22"]
[SourceVersion "1"]
[SourceVersionDate "2017.06.22"]
[SourceQuality "1"]

1. e4 e5 2. Nf3 Nc6 3. Bb5 a6 4. Ba4 Nf6 5. 0-0 Be7 6. d3 b5 7. Bb3 d6 8. a4 b4 9. a5 0-0 10. Nbd2 Bg4 11. h3 Bh5 12. c3 Rb8 13. Re1 h6 14. g4 Bg6 15. Nc4 Nh7 16. Ne3 Bg5 17. Bc4 Qc8 18. Kg2 Ne7 19. Nxg5 Nxg5 20. h4 Ne6 21. Nf5 Re8 22. Qf3 Nd8 23. h5 Bxf5 24. gxf5 d5 25. Ba2 b3 26. Bb1 f6 27. Qg3 Nf7 28. Rg1 Ng5 29. Be3 c5 30. Rh1 Kf7 31. f3 Rh8 32. Qf2 d4 33. Bd2 Qb7 34. Ra4 Rbd8 35. Rc4 Qb5 36. Rc1 Rc8 37. cxd4 cxd4 38. Rb4 Qxa5 39. Rxb3 Qd8 40. Rxc8 Qxc8 41. Ba2 Ke8 42. Rb6 a5 43. Bxa5 Qa8 44. Bc4 Nf7 45. Bb4 Nc8 46. Re6+ Kd8 47. Qd2 Na7 48. Ba5+ Kd7 49. Qb4 Nc6 50. Bb5 1-0

[Event "CHN-chB (Women)"]
[Site "Harbin"]
[Date "2016.07.19"]
[Round "5"]
[White "Ren, Xiaoyi"]
[Black "Zhu, Ying"]
[Result "0-1"]
[WhiteElo "2202"]
[BlackElo "2062"]
[PlyCount "88"]
[EventDate "2016.07.17"]
[EventType "swiss"]
[EventRounds "11"]
[EventCountry "CHN"]
[SourceTitle "CBM 173 Extra"]
[Source "ChessBase"]
[SourceDate "2016.08.29"]
[SourceVersion "1"]
[SourceVersionDate "2016.08.29"]
[SourceQuality "1"]

1. d4 d5 2. c4 c6 3. Nf3 Nf6 4. e3 e6 5. Bd3 Nbd7 6. b3 Bd6 7. Bb2 Ne4 8. Bxe4 dxe4 9. Nfd2 f5 10. Qh5+ g6 11. Qe2 e5 12. Nc3 Qe7 13. c5 Bc7 14. g4 Nf6 15. g5 Nh5 16. dxe5 Be6 17. Nc4 Bxc4 18. Qxc4 0-0-0 19. Ne2 Bxe5 20. Bxe5 Qxe5 21. Nd4 Rd5 22. b4 f4 23. 0-0-0 Rhd8 24. Nc2 Rd3 25. Nd4 fxe3 26. fxe3 Rxe3 27. Qe6+ Qxe6 28. Nxe6 Rd5 29. Rhf1 Rc3+ 30. Kb2 Rf3 31. Kc2 Kd7 32. Nf8+ Ke7 33. Rxf3 exf3 34. Nxh7 Rxd1 35. Kxd1 Nf4 36. Ke1 Nd3+ 37. Kd2 Nxb4 38. a3 Nd5 39. a4 b6 40. cxb6 axb6 41. h4 Kf7 42. h5 gxh5 43. g6+ Kg7 44. Nf8 Kf6 0-1

[Event "CHN-chB (Women)"]
[Site "Harbin"]
[Date "2016.07.19"]
[Round "6"]
[White "Zhu, Ying"]
[Black "Yao, Lan"]
[Result "1/2-1/2"]
[WhiteElo "2062"]
[BlackElo "2131"]
[PlyCount "60"]
[EventDate "2016.07.17"]
[EventType "swiss"]
[EventRounds "11"]
[EventCountry "CHN"]
[SourceTitle "CBM 173 Extra"]
[Source "ChessBase"]
[SourceDate "2016.08.29"]
[SourceVersion "1"]
[SourceVersionDate "2016.08.29"]
[SourceQuality "1"]

1. e4 c5 2. Nf3 d6 3. d4 cxd4 4. Nxd4 Nf6 5. Nc3 Nc6 6. Bg5 e6 7. Qd2 a6 8. f4 h6 9. Bxf6 Qxf6 10. Nf3 Qd8 11. 0-0-0 Be7 12. g4 Qa5 13. Kb1 Bd7 14. Bg2 0-0-0 15. Rhe1 Bf6 16. Re3 e5 17. f5 Nd4 18. Qf2 Bc6 19. h4 g5 20. h5 Rd7 21. Red3 Re8 22. Nd2 Kb8 23. Nc4 Qc5 24. Ne3 Bd8 25. Ncd5 Nb5 26. Qd2 Bxd5 27. Rxd5 Qc6 28. c3 Bb6 29. Rd3 Bxe3 30. Qxe3 Nc7 1/2-1/2

[Event "CHN-chB (Women)"]
[Site "Harbin"]
[Date "2016.07.18"]
[Round "4"]
[White "Zhu, Ying"]
[Black "Li, Yunshan"]
[Result "1/2-1/2"]
[WhiteElo "2062"]
[BlackElo "2045"]
[PlyCount "72"]
[EventDate "2016.07.17"]
[EventType "swiss"]
[EventRounds "11"]
[EventCountry "CHN"]
[SourceTitle "CBM 173 Extra"]
[Source "ChessBase"]
[SourceDate "2016.08.29"]
[SourceVersion "1"]
[SourceVersionDate "2016.08.29"]
[SourceQuality "1"]

1. e4 e5 2. Nf3 Nf6 3. d3 Nc6 4. Bg5 Be7 5. Nc3 0-0 6. Qd2 h6 7. Bxf6 Bxf6 8. Nd5 d6 9. 0-0-0 Be6 10. Nxf6+ Qxf6 11. d4 Nxd4 12. Nxd4 exd4 13. Qxd4 Qxd4 14. Rxd4 Rfe8 15. f3 Bd7 16. Bc4 Bc6 17. g4 g5 18. h4 Kg7 19. hxg5 hxg5 20. Rh5 f6 21. Rd1 Rh8 22. Rdh1 Raf8 23. Rxh8 Rxh8 24. Rxh8 Kxh8 25. Kd2 Kg7 26. Ke3 Bd7 27. Kd4 Kf8 28. b4 Ke7 29. Bb3 c6 30. a4 b6 31. Kd3 Bc8 32. c4 c5 33. b5 Ke6 34. Ke3 Ke5 35. Bc2 Be6 36. Bd3 Bf7 1/2-1/2

[Event "CHN-chB (Women)"]
[Site "Harbin"]
[Date "2016.07.17"]
[Round "2"]
[White "Zhu, Ying"]
[Black "Wang, Zhiyu"]
[Result "1-0"]
[WhiteElo "2062"]
[BlackElo "1656"]
[PlyCount "71"]
[EventDate "2016.07.17"]
[EventType "swiss"]
[EventRounds "11"]
[EventCountry "CHN"]
[SourceTitle "CBM 173 Extra"]
[Source "ChessBase"]
[SourceDate "2016.08.29"]
[SourceVersion "1"]
[SourceVersionDate "2016.08.29"]
[SourceQuality "1"]

1. e4 g6 2. d4 Bg7 3. Be3 d6 4. Bd3 c5 5. c3 cxd4 6. cxd4 Nc6 7. Ne2 e6 8. Nbc3 a6 9. Rc1 Nge7 10. Qd2 0-0 11. Bh6 Nb4 12. Bb1 d5 13. h4 dxe4 14. Bxg7 Kxg7 15. Nxe4 Nbd5 16. h5 Rh8 17. h6+ Kf8 18. Qg5 Bd7 19. Qe5 Rg8 20. Ng5 f6 21. Nxe6+ Bxe6 22. Qxe6 Qa5+ 23. Nc3 Re8 24. 0-0 f5 25. Rfe1 Qb6 26. Qe5 Nxc3 27. Rxc3 Kf7 28. Rc7 Qf6 29. a3 Qxe5 30. Rxe5 Kf8 31. Ba2 Rh8 32. Re6 Ng8 33. Rf6+ Nxf6 34. Rf7+ Kg8 35. Rxf6+ Re6 36. Bxe6# 1-0

[Event "CHN Team"]
[Site "Zhongshan"]
[Date "2015.07.12"]
[Round "4"]
[White "Padmini, Rout"]
[Black "Zhu, Ying"]
[Result "1-0"]
[WhiteElo "2441"]
[BlackElo "2114"]
[PlyCount "83"]
[EventDate "2015.07.11"]
[EventType "team-swiss"]
[EventRounds "11"]
[EventCountry "CHN"]
[SourceTitle "CBM 167 Extra"]
[Source "ChessBase"]
[SourceDate "2015.09.14"]
[SourceVersion "1"]
[SourceVersionDate "2015.09.14"]
[SourceQuality "1"]
[WhiteTeam "Wuxi Tianyi"]
[BlackTeam "Longgang District"]
[WhiteTeamCountry "CHN"]
[BlackTeamCountry "CHN"]

1. e4 e6 2. d4 d5 3. Nc3 Nf6 4. Bg5 dxe4 5. Nxe4 Nbd7 6. Nf3 Be7 7. Nxf6+ Nxf6 8. Bd3 h6 9. Bxf6 Bxf6 10. Qe2 Qd5 11. 0-0 0-0 12. c4 Qh5 13. b4 Re8 14. Qe4 g6 15. Rfe1 e5 16. dxe5 Bf5 17. Qxb7 Bxd3 18. exf6 Bxc4 19. Re5 Qg4 20. a3 Qf4 21. Rae1 Be6 22. Qxc7 Qxf6 23. Qc5 Red8 24. Qe3 a6 25. Qxh6 Rd3 26. R5e3 Rxe3 27. Qxe3 Bd5 28. Ne5 Rc8 29. h3 Be6 30. Qf3 Qe7 31. Ng4 Qg5 32. Qe3 Qb5 33. Nf6+ Kg7 34. Qd4 Rc4 35. Nh5+ Kf8 36. Qh8+ Ke7 37. Rd1 Rc8 38. Qf6+ Kf8 39. Nf4 Qf5 40. Nxe6+ Qxe6 41. Qxe6 fxe6 42. Rd6 1-0

[Event "CHN-ch (Women)"]
[Site "Xinghua"]
[Date "2015.05.25"]
[Round "7"]
[White "Xiao, Yiyi"]
[Black "Zhu, Ying"]
[Result "1-0"]
[WhiteElo "2253"]
[BlackElo "2128"]
[PlyCount "95"]
[EventDate "2015.05.18"]
[EventType "tourn"]
[EventRounds "11"]
[EventCountry "CHN"]
[EventCategory "5"]
[SourceTitle "CBM 166 Extra"]
[Source "ChessBase"]
[SourceDate "2015.06.18"]
[SourceVersion "1"]
[SourceVersionDate "2015.06.18"]
[SourceQuality "1"]

1. d4 d5 2. c4 c6 3. cxd5 cxd5 4. Nc3 Nc6 5. Bf4 Nf6 6. e3 Bf5 7. Qb3 Na5 8. Qa4+ Bd7 9. Qc2 Rc8 10. Bd3 e6 11. Nf3 Bb4 12. 0-0 0-0 13. Ne5 h6 14. Rac1 Nh5 15. Qe2 Nxf4 16. exf4 Nc6 17. Bb1 Be8 18. Rfd1 Qh4 19. g3 Qd8 20. a3 Bxc3 21. Rxc3 Nxe5 22. Qc2 Ng6 23. Rxc8 Qb6 24. f5 exf5 25. Qxf5 Bc6 26. Rd2 a5 27. Rxf8+ Nxf8 28. h4 Qb5 29. Qd3 Qb6 30. Qe3 Qc7 31. Re2 Qd7 32. Qe5 Qd8 33. Qf5 Qc7 34. Bd3 Bd7 35. Qe5 Qc1+ 36. Kg2 Qc8 37. Rc2 Bc6 38. b4 axb4 39. axb4 Qd7 40. b5 Bxb5 41. Bxb5 Qxb5 42. Qe7 Qd3 43. Rc8 Qe4+ 44. Qxe4 dxe4 45. d5 f5 46. Rc7 b5 47. d6 Ne6 48. Re7 1-0

[Event "CHN-ch (Women)"]
[Site "Xinghua"]
[Date "2015.05.21"]
[Round "4"]
[White "Zhu, Ying"]
[Black "Li, Xueyi"]
[Result "0-1"]
[WhiteElo "2128"]
[BlackElo "2226"]
[PlyCount "72"]
[EventDate "2015.05.18"]
[EventType "tourn"]
[EventRounds "11"]
[EventCountry "CHN"]
[EventCategory "5"]
[SourceTitle "CBM 166 Extra"]
[Source "ChessBase"]
[SourceDate "2015.06.18"]
[SourceVersion "1"]
[SourceVersionDate "2015.06.18"]
[SourceQuality "1"]

1. e4 c6 2. d4 d5 3. exd5 cxd5 4. Bd3 Nc6 5. c3 Qc7 6. h3 Nf6 7. Nf3 h6 8. Qe2 e6 9. 0-0 Be7 10. Nbd2 Bd7 11. Ne5 g5 12. Re1 h5 13. Nf1 Rg8 14. Bd2 h4 15. Nh2 Rg7 16. b4 0-0-0 17. b5 Nxe5 18. dxe5 Ne4 19. Be3 g4 20. Nxg4 f5 21. exf6 Nxf6 22. Bd4 Rdg8 23. Be5 Qb6 24. c4 Nxg4 25. Bxg7 Nxf2 26. Bd4 Nxh3+ 27. Kh1 Qxd4 28. Rf1 Nf4 29. Rxf4 Qxf4 30. Rf1 Qg4 31. Qc2 h3 32. cxd5+ Kb8 33. gxh3 Qxh3+ 34. Qh2+ Qxh2+ 35. Kxh2 Bd6+ 36. Kh1 exd5 0-1

[Event "Penang op 6th"]
[Site "Penang"]
[Date "2014.12.12"]
[Round "8"]
[White "Zhu, Ying"]
[Black "Pitra, Andika"]
[Result "0-1"]
[WhiteElo "2127"]
[BlackElo "2309"]
[PlyCount "38"]
[EventDate "2014.12.08"]
[EventType "swiss"]
[EventRounds "9"]
[EventCountry "MAS"]
[SourceTitle "CBM 163 Extra"]
[Source "ChessBase"]
[SourceDate "2014.12.23"]
[SourceVersion "1"]
[SourceVersionDate "2014.12.23"]
[SourceQuality "1"]

1. e4 c5 2. Nf3 Nc6 3. d4 cxd4 4. Nxd4 e5 5. Nb5 d6 6. N1c3 a6 7. Na3 b5 8. Nd5 Nce7 9. c4 Nxd5 10. cxd5 Nf6 11. Bd3 Be7 12. 0-0 0-0 13. Nc2 Bg4 14. f3 Bd7 15. Be3 Nh5 16. Nb4 Bg5 17. Bxg5 Qxg5 18. Re1 Nf4 19. Bf1 Nh3+ 0-1